Logo BPK

Biblioteka

Politechniki Koszalińskiej

Teacher's Guide : (Rekord nr 48296)

Szczegóły MARC
000 -ETYKIETA REKORDU
podpole kontrolne o stałej długości 00979nam a2200253 i 4500
001 - NUMER KONTROLNY REKORDU
pole kontrolne bgj
020 ## - MIĘDZYNARODOWY ZNORMALIZOWANY NUMER KSIĄŻKI - ISBN
ISBN 8302063770 (pbk)
040 ## - ŹRÓDŁO KATALOGOWANIA
Instytucja, która utworzyła rekord BPK
041 0# - KOD JĘZYKA
Kod języka tekstu eng
920 ## - Międzynarodowy znormalizowany numer książki – ISBN
ISBN 83-02-06377-0 (pbk)
008 - POLE O STAŁEJ DŁUGOŚCI - DANE KONTROLNE
podpole kontrolne o stałej długości s uk f |000 0 eng
100 1# - NAZWA OSOBOWA
Nazwa osobowa TETERIS, Sylvia
245 10 - TYTUŁ/ODPOWIEDZIALNOŚĆ
Tytuł Teacher's Guide :
Ciąg dalszy tytułu The Little Red Hen ; Goldilocks and the Three Bears ; The Gingerbeard Man ; The Three Billy Goats Gruff ; Snow White and the Seven Dwarfs /
Pozostałe elementy strefy tytułu i oznaczenia odpowiedzialności Sylvia Teteris ; Ewa Kołodziejska ; illustrated by Krystyna Michałowska, Paweł Różewicz, Małgorzata Zachorowska.
260 ## - STREFA ADRESU WYDAWNICZEGO
Miejsce wydania Warszawa :
Nazwa wydawcy/dystrybutora Wydawnictwa Szkolne i Pedagogiczne,
Data publikacji, dystrybucji/powstania dokumentu 1996.
300 ## - STREFA OPISU FIZYCZNEGO
Objętość 120 pp :
Inne cechy fizyczne ill. ;
Rozmiary 20 cm.
490 1# - STREFA SERII I DOKUMENTU WIELOCZĘŚCIOWEGO - FORMA NIE DO WYSZUKIWANIA
Tytuł i oznaczenie odpowiedzialności serii Plays for Children
650 #9 - HASŁO PRZEDMIOTOWE W FORMIE NAZWY OGÓLNEJ LUB JEDNOSTKOWEJ
Nazwa ogólna lub geograficzna Plays for children
700 1# - HASŁO DODATKOWE - NAZWA OSOBOWA
Nazwa osobowa KOŁODZIEJSKA, Ewa.
Określenie związku między hasłem a opisywanym materiałem co-author
700 1# - HASŁO DODATKOWE - NAZWA OSOBOWA
Nazwa osobowa MICHAŁOWSKA, Krystyna.
Określenie związku między hasłem a opisywanym materiałem ill.
700 1# - HASŁO DODATKOWE - NAZWA OSOBOWA
Nazwa osobowa RÓŻEWICZ, Paweł.
Określenie związku między hasłem a opisywanym materiałem ill.
700 1# - HASŁO DODATKOWE - NAZWA OSOBOWA
Nazwa osobowa ZACHOROWSKA, Małgorzata.
Określenie związku między hasłem a opisywanym materiałem ill.
830 ## - HASŁO DODATKOWE SERII LUB DOKUMENTU WIELOCZĘŚCIOWEGO - TYTUŁ UJEDNOLICONY
Tytuł ujednolicony Plays for Children
942 ## - DODATKOWE ELEMENTY (KOHA)
Typ dokumentu Książka
Egzemplarze
Wycofany Status egzemplarza Uszkodzony Dostępność Lokalizacja stała Lokalizacja bieżąca Miejsce przechowywania Sygnatura Kod kreskowy Typ dokumentu
      Tylko na miejscu Biblioteka Politechniki Koszalińskiej Biblioteka Politechniki Koszalińskiej Czytelnia Wydziałowa ul. Kwiatkowskiego 6e KA 5533 09086760 Książka
© 2023 Biblioteka Politechniki Koszalińskiej :: KOHA